Servicio local de teleasistencia : más autonomía para las personas más autonomía para las personas
Publicado:
Barcelona :
Diputació de Barcelona, Àrea d'Atenció a les Persones, Gerència de Serveis de Benestar Social ,
2015
Descripción Física:
4 pàgines : il·lustracions ; 30 cm
Idioma:
Español
MARC
| LEADER | 00000nam a2200000 a 4500 | ||
|---|---|---|---|
| 001 | 26273 | ||
| 003 | Arxiu | ||
| 005 | 20260324181130.0 | ||
| 008 | 220718b spa||||| |||| 00| 0 spa d | ||
| 017 | |a DL B 12189-2015 | ||
| 080 | |a FU-72-19 | ||
| 245 | 0 | 0 | |a Servicio local de teleasistencia : |b más autonomía para las personas |
| 260 | |a Barcelona : |b Diputació de Barcelona, Àrea d'Atenció a les Persones, Gerència de Serveis de Benestar Social, |c 2015 | ||
| 300 | |a 4 pàgines : |b il·lustracions ; |c 30 cm | ||
| 650 | 0 | |a Persones grans |x Atenció domiciliària |z Barcelona (Catalunya : Província) |9 50379 | |
| 710 | 1 | |a Barcelona (Catalunya : Província). |b Gerència de Serveis de Benestar Social |9 52907 | |
| 942 | |2 udc |n 1 |c ARXIU | ||
| 952 | |0 0 |1 0 |4 0 |6 FU7219 |7 1 |9 62805 |a Arxiu |b Arxiu |d 2022-07-18 |l 0 |o FU-72-19 |p 26273 |r 2022-07-18 00:00:00 |w 2022-07-18 |y ARXIU | ||
| 999 | |c 82294 |d 82294 | ||